000 01013cam a22003017a 4500
003 CHAP
005 20220329135819.0
008 971013s1976 r 00010 d
010 _a42696
011 _a43668
035 _a47804
040 _cCHAP
090 _aFolleto 9345
110 _aMéxico. Dirección General de Unidades de Riego para el Desarrollo Rural
_977049
245 1 3 _aEl gallinero familiar cría y explotación
_b: instructivo
260 _aMéxico, D.F. :
_bLa Dirección,
_c1976
300 _aHoja desplegable
_b: ilus
490 0 _aHoja de divulgación
_v; 31
590 _aBATCH-UPD
_b10
_c20130110
_lUCH01
_h2154
590 _aBATCH-UPD
_b10
_c20130410
_lUCH01
_h1502
590 _aBATCH-UPD
_b10
_c20130914
_lUCH01
_h1629
590 _aCONVERSION
_b10
_c20130109
_lUCH01
_h1323
830 0 _aHoja de divulgación
_v; 31
_955847
901 _aBK
942 _cFOLL
949 _aFolleto 9345
_bBC
_cFOLL
_d-108528
_eTS1
_i47804
_si
949 _aFolleto 9345
_bBC
_cFOLL
_d-108529
_eTS2
_fc.2
_i47804
_si
999 _c42696
_d42696